000 00639nam a2200241Ia 4500
005 20260121112553.0
008 7062 260114s9999 xx 000 0 eng d
020 _a9789812835086
037 _aEBOOK
040 _aCRL
_beng
_cCRL
041 _aeng
_2eng
084 _qCRL
100 _aTullock Gordon
_9959747
245 0 _aAmerican Foreign Affairs: a Compact History
260 _bWorld Scientific
260 _bWSPC
260 _c2009
650 _aSocial Sciences
_9959748
856 _uhttps://www.worldscientific.com/worldscibooks/10.1142/7031#t=toc
942 _cEBOOK
999 _c1544362
_d1544362